| 000 | 00961cam a2200301 4500 | ||
|---|---|---|---|
| 999 |
_c9779 _d9779 |
||
| 001 | 9779 | ||
| 003 | BD-JhCC | ||
| 005 | 20180329105528.0 | ||
| 008 | 190329s1969 njuac b 000 0 eng | ||
| 020 |
_a0133870847(v.1) _a0133870922(v.2) |
||
| 035 | _a(BD-JhCC)9779 | ||
| 040 |
_aDLC _cDLC _dDLC _dBD-JhCC |
||
| 041 | _aeng | ||
| 050 | 0 | 0 |
_aCB5 _b.B43 1969 |
| 082 | 0 | 0 |
_a910.09 _bBEA 1969 |
| 100 | 1 |
_aBeatty, John Louis, _d1922-1975, |
|
| 245 | 1 | 0 |
_aHeritage of Western civilization / _bselect readings. _cEdited with introductions by John Louis Beatty [and] Oliver A. Johnson. |
| 250 | _a3d ed. | ||
| 260 |
_aEnglewood Cliffs, N.J : _bPrentice-Hall, _c1969. |
||
| 300 |
_a2 v. _billus., ports. _c25 cm. |
||
| 350 | _a$8.95 per vol. | ||
| 504 | _aIncludes bibliographical references. | ||
| 650 | 0 |
_aCivilization _xHistory _xSources. |
|
| 650 | 0 |
_aLiterature _xCollections. |
|
| 700 | 1 | _aJohnson, Oliver A., | |
| 942 |
_2ddc _cBK |
||